INFECTIONS IN OBSTETRICS AND GYNECOLOGY by GANDHI (Record no. 15028)

MARC details
000 -LEADER
fixed length control field 00286nam a22001217a 4500
003 - CONTROL NUMBER IDENTIFIER
control field SGT
082 ## - DEWEY DECIMAL CLASSIFICATION NUMBER
Classification number 618.2
Item number I06P
100 ## - MAIN ENTRY--PERSONAL NAME
Personal name PETERSEN, EIKO E.
245 ## - TITLE STATEMENT
Title INFECTIONS IN OBSTETRICS AND GYNECOLOGY by GANDHI
260 ## - PUBLICATION, DISTRIBUTION, ETC. (IMPRINT)
Place of publication, distribution, etc NEW YORK
Name of publisher, distributor, etc THIEME
Year of Publication 2006
300 ## - PAGE DESCRIPTION
No. of Pages 2260
942 ## - ADDED ENTRY ELEMENTS (KOHA)
Source of classification or shelving scheme Dewey Decimal Classification
Koha item type Books
Holdings
Withdrawn status Lost status Source of classification or shelving scheme Damaged status Not for loan Collection code Home library Current library Shelving location Date acquired Vendor Name SGTU Total Checkouts Full call number Accession No. (Barcode) Date last seen Bill Date Koha item type
    Dewey Decimal Classification     MEDICAL SGT Medical Library SGT Medical Library Reference Book 02/02/2018 ABC SGTU   618.2 I06P FM9779 02/02/2018 02/02/2018 Books